00587nam a2200181Ia 4500003000900000008004100009020001800050040001600068080001700084100001800101245011400119260005000233300001300283650004100296650001000337650003500347700002300382IN-BaIIA211028s9999 xx 000 0 eng d a0-295-95387-X cIIA Library a524.722bHOD aHodge, Paul W 4aThe small magellanic cloudcPaul W. Hodge and Frances W Wright  aSeattlebUniversity of Washington Pressc1977 aix, 69p. aAstronomy and astrophysics thesaurus aAtlas aSmall magellanic Cloud - atlas aWright, Frances W.